000
00280nam a2200109Ia 4500
008
201224s9999 xx 000 0 und d
100
_a
Redwood, John
245
0
_a
(The) Global Marketplace: Capitalism & its future
260
_a
London
_b
Harper-Collins
300
_a
242
942
_c
BK
999
_c
8872
_d
8872